| 000 -ლიდერი |
| ფიქსირებული სიგრძის საკონტროლო ველი |
01443nam a22002057a 4500 |
| 003 - საკონტროლო ნომრის იდენტიფიკატორი |
| საკონტროლო ველი |
Ge_BSU |
| 005 - ბოლო ოპერაციის თარიღი და დრო |
| საკონტროლო ველი |
20260408163624.0 |
| 008 - ფიქსირებული სიგრძის მონაცემთა ელემენტები - ზოგადი ინფორმაცია |
| ფიქსირებული სიგრძის საკონტროლო ველი |
260408s2025 ge ||||| |||| 00| 0 geo d |
| 020 ## - წიგნის საერთაშორისო სტანდარტული ნომერი |
| International Standard Book Number |
9789941876998 |
| 041 ## - ენის კოდი |
| Language code of text/sound track or separate title |
geo |
| 080 ## - უნივერსალური ათობითი კლასიფიკაციის ინდექსი |
| Universal Decimal Classification number |
323.173(479.22:479.225) ვ-13 |
| 100 ## - მთავარი ჩანაწერი - პიროვნების სახელი |
| Personal name |
ვადაჭკორია, შოთა |
| 9 (RLIN) |
27296 |
| 245 ## - ცნობა სათაურის შესახებ |
| Title |
რუსული "სამშვიდობო" ძალებისგან ცხინვალის რეგიონში მოვალეობის არშესრულების ფაქტორები / |
| Statement of responsibility, etc |
შოთა ვადაჭკორია; რედაქტორი ზურაბ ხონელიძე; სოხუმის სახელმწიფო უნივერსიტეტი, სამშვიდობო განათლების კვლევითი ცენტრი. |
| 264 ## - წარმოების, გამოცემის, დისტრიბუციის და სხვა ცნობები |
| გამოცემის, წარმოების, დისტრიბუციის... ადგილი |
თბილისი : |
| გამოცემის, წარმოების, დისტრიბუციის... სახელწოდება |
უნივერსალი, |
| გამოცემის, წარმოების, დისტრიბუციის... თარიღი |
2025. |
| 300 ## - ფიზიკური აღწერა |
| Extent |
168 გვ. ; |
| Other physical details |
21 სმ. |
| 653 ## - INDEX TERM--UNCONTROLLED |
| Uncontrolled term |
ქართულ-ოსური კონფლიქტი |
| 700 ## - ADDED ENTRY--PERSONAL NAME |
| Personal name |
ხონელიძე, ზურაბ |
| Relator term |
რედაქტორი |
| 9 (RLIN) |
27297 |
| 710 ## - ADDED ENTRY--CORPORATE NAME |
| Corporate name or jurisdiction name as entry element |
სოხუმის სახელმწიფო უნივერსიტეტი. |
| Subordinate unit |
სამშვიდობო განათლების კვლევითი ცენტრი. |
| 9 (RLIN) |
27298 |
| 942 ## - ADDED ENTRY ELEMENTS (KOHA) |
| Source of classification or shelving scheme |
|
| Koha item type |
წიგნი |